Some Aspects of Oxidation-Reduction Reactions under Carbon-Bearing Flux Welding; IOP Conference Series: Materials Science and Engineering; Vol. 91: VI International Scientific Practical Conference on Innovative Technologies and Economics in Engineering, Yurga, Russia, 21-23 May 2015

Detalles Bibliográficos
Parent link:IOP Conference Series: Materials Science and Engineering
Vol. 91: VI International Scientific Practical Conference on Innovative Technologies and Economics in Engineering, Yurga, Russia, 21-23 May 2015.— 2015.— [012016, 6 p.]
Autor Corporativo: Национальный исследовательский Томский политехнический университет (ТПУ) Юргинский технологический институт (филиал) (ЮТИ) Кафедра металлургии и черных металлов (МЧМ)
Outros autores: Kryukov R. E., Kozyrev N. A., Galevsky G. V., Bendre Y. V., Goryushkin V. F., Valuev D. V. Denis Viktorovich
Summary:Title screen
The authors have completed thermodynamic calculations of oxidation-reduction processes under submerged arc welding with application of carbon containing additive. The calculations have shown that carbon, due to its high reducing properties under Т=1950-2200 K, introduced into the system can significantly decrease the amount of non-metallic inclusions in the weld metal and so improve its mechanical properties.
Режим доступа: по договору с организацией-держателем ресурса
Idioma:inglés
Publicado: 2015
Series:Innovative technologies for producing and testing permanent joints in mechanical engineering
Subjects:
Acceso en liña:http://dx.doi.org/10.1088/1757-899X/91/1/012016
http://earchive.tpu.ru/handle/11683/20045
Formato: MixedMaterials Electrónico Capítulo de libro
KOHA link:https://koha.lib.tpu.ru/cgi-bin/koha/opac-detail.pl?biblionumber=644412

MARC

LEADER 00000nla2a2200000 4500
001 644412
005 20231102025327.0
035 |a (RuTPU)RU\TPU\network\9492 
035 |a RU\TPU\network\9491 
090 |a 644412 
100 |a 20151117a2015 k y0engy50 ba 
101 0 |a eng 
105 |a a z 101zy 
135 |a drcn ---uucaa 
181 0 |a i  
182 0 |a b 
200 1 |a Some Aspects of Oxidation-Reduction Reactions under Carbon-Bearing Flux Welding  |f R. E. Kryukov [et al.] 
203 |a Text  |c electronic 
225 1 |a Innovative technologies for producing and testing permanent joints in mechanical engineering 
300 |a Title screen 
320 |a [References: 14 tit.] 
330 |a The authors have completed thermodynamic calculations of oxidation-reduction processes under submerged arc welding with application of carbon containing additive. The calculations have shown that carbon, due to its high reducing properties under Т=1950-2200 K, introduced into the system can significantly decrease the amount of non-metallic inclusions in the weld metal and so improve its mechanical properties. 
333 |a Режим доступа: по договору с организацией-держателем ресурса 
461 0 |0 (RuTPU)RU\TPU\network\2008  |t IOP Conference Series: Materials Science and Engineering 
463 0 |0 (RuTPU)RU\TPU\network\9359  |t Vol. 91: VI International Scientific Practical Conference on Innovative Technologies and Economics in Engineering, Yurga, Russia, 21-23 May 2015  |v [012016, 6 p.]  |d 2015 
610 1 |a электронный ресурс 
610 1 |a труды учёных ТПУ 
610 1 |a окислительно-восстановительные реакции 
610 1 |a флюсы 
610 1 |a термодинамические расчеты 
610 1 |a дуговая сварка 
610 1 |a углерод 
610 1 |a швы 
701 1 |a Kryukov  |b R. E. 
701 1 |a Kozyrev  |b N. A. 
701 1 |a Galevsky  |b G. V. 
701 1 |a Bendre  |b Y. V. 
701 1 |a Goryushkin  |b V. F. 
701 1 |a Valuev  |b D. V.  |c specialist in the field of metal working  |c Associate Professor of Yurga technological Institute of Tomsk Polytechnic University, Candidate of technical sciences  |f 1980-  |g Denis Viktorovich  |2 stltpush  |3 (RuTPU)RU\TPU\pers\32900  |9 16748 
712 0 2 |a Национальный исследовательский Томский политехнический университет (ТПУ)  |b Юргинский технологический институт (филиал) (ЮТИ)  |b Кафедра металлургии и черных металлов (МЧМ)  |h 7136  |2 stltpush  |3 (RuTPU)RU\TPU\col\18892 
801 2 |a RU  |b 63413507  |c 20161122  |g RCR 
856 4 0 |u http://dx.doi.org/10.1088/1757-899X/91/1/012016 
856 4 0 |u http://earchive.tpu.ru/handle/11683/20045 
942 |c CF